| 000 | 01399nam a2200241Ia 4500 | ||
|---|---|---|---|
| 003 | Ost | ||
| 005 | 20260507075433.0 | ||
| 008 | 260507s9999||||xx |||||||||||||| ||und|| | ||
| 020 | _a9953462542 | ||
| 040 | _cfsecg | ||
| 041 | _aara | ||
| 082 | _a330 | ||
| 100 |
_aعطوي، فوزي _eمؤلف |
||
| 245 | 0 |
_aعلم الاقتصاد في النظم الوضعية والشريعة الاسلامية / _c فوزي عطوي |
|
| 260 |
_aبيروت: _bمنشورات الحلبي الحقوقية, _c2005 |
||
| 300 |
_a646 صفحة؛ _bإيضاحات ؛ _c24 سم |
||
| 504 | _aببليوغرافيا: ص.629-639 | ||
| 520 | _aيضم تحريم الربا في المجتمعات القديمة، المعتاملات المصرفية بين الفائدة والربا، القرارات المجمعية الاسلامية بشأن الفائدة والبنوك الاسلامية، المعاملات المصرفية والبدائل الاسلامية، الحلول الاسلامية البديلة، سياسة البنك الاسلامي في مجال التوظيف والاستثمار، الصناديق الاسلامية، البنوك الاسلامية مشاكل وحلول، البنك الاسلامي: بنك المستقبل | ||
| 653 | _aالاقتصاد | ||
| 653 | _aالشريعة الاسلامية | ||
| 653 | _aالفقه الاسلامي | ||
| 942 | _cكتاب | ||
| 999 |
_c44525 _d44525 |
||